000 00278nam a2200109Ia 4500
005 20251222114347.0
008 251222s1900||||xx |||||||||||||| ||spa||
082 _aDVD0092/D85/2005
245 0 _aDona Nobis Pacem.
264 _bCentro Televisivo Vaticano e Telepace.
942 _cDVD
999 _c1075
_d1075